000
00309nam a22001337a 4500
008
171228b xxu||||| |||| 00| 0 eng d
020
_a
9780962825422
041
_a
eng
080
_a
159.9
100
_a
49
101
_a
PSI
245
_a
FAMILY DESK REFERENCE TO PSYCHOLOGY
_c
FALCON, CH.T
942
_2
udc
_c
BK
999
_c
39542
_d
39542